Student housing: whose dibs on the digs? (Record no. 72039)
[ view plain ]
| 000 -LEADER | |
|---|---|
| fixed length control field | 01042cam a2200229 4500 |
| 001 - CONTROL NUMBER | |
| control field | ABS66352 |
| 008 - FIXED-LENGTH DATA ELEMENTS--GENERAL INFORMATION | |
| fixed length control field | 030203n2003 000 0 eng u |
| 035 ## - SYSTEM CONTROL NUMBER | |
| System control number | (Sirsi) u121220 |
| 100 ## - MAIN ENTRY--PERSONAL NAME | |
| Personal name | Knutt, E. |
| 245 ## - TITLE STATEMENT | |
| Title | Student housing: whose dibs on the digs? |
| 260 ## - PUBLICATION, DISTRIBUTION, ETC. | |
| Date of publication, distribution, etc. | 2003 |
| 490 ## - SERIES STATEMENT | |
| Series statement | Estates Gazette |
| Volume/sequential designation | (0303) 18 January 2003, 54-55(2) |
| 520 ## - SUMMARY, ETC. | |
| Summary, etc. | Looks at the newly-built student housing sector which is beginning to attract the interest of private developers and investors although some universities are retaining ownership of their student housing as it constitutes an income stream. Although the sector looks recession-proof the student housing market is not the happy hunting ground that the demand figures might suggest. Two tables summarise student housing demand and supply as well as funding sources. |
| 590 ## - LOCAL NOTE (RLIN) | |
| Local note | ABS |
| 650 ## - SUBJECT ADDED ENTRY--TOPICAL TERM | |
| Topical term or geographic name entry element | STUDENT HOUSING |
| 650 ## - SUBJECT ADDED ENTRY--TOPICAL TERM | |
| Topical term or geographic name entry element | PROPERTY INVESTMENT |
| 650 ## - SUBJECT ADDED ENTRY--TOPICAL TERM | |
| Topical term or geographic name entry element | UNIVERSITIES |
| 650 ## - SUBJECT ADDED ENTRY--TOPICAL TERM | |
| Topical term or geographic name entry element | STUDENT ACCOMMODATION |
| 650 ## - SUBJECT ADDED ENTRY--TOPICAL TERM | |
| Topical term or geographic name entry element | COLLEGES |
| 690 ## - LOCAL SUBJECT ADDED ENTRY--TOPICAL TERM (OCLC, RLIN) | |
| Topical term or geographic name as entry element | HOUSING-INVESTMENT |
| 942 ## - ADDED ENTRY ELEMENTS (KOHA) | |
| Suppress in OPAC | 0 |
| Withdrawn status | Lost status | Source of classification or shelving scheme | Damaged status | Not for loan | Home library | Current library | Shelving location | Date acquired | Total Checkouts | Full call number | Barcode | Date last seen | Copy number | Price effective from | Koha item type |
|---|---|---|---|---|---|---|---|---|---|---|---|---|---|---|---|
| Dewey Decimal Classification | London | London | Journal article | 03/02/2003 | ABS66352 | 121220-1001 | 06/08/2019 | 1 | 06/08/2019 | Journal article |